000 00806nmm a2200277 a 4500
003 AR-BaBNM
005 20251128211400.0
008 124020s2003 ||||||||||||||000 | spa||
020 _a950-808-374-3
040 _cAR-BaBNM
100 1 _aSpiegel, Alejandro
245 1 0 _aHéroes invisibles
_bhistorias de la vida cotidiana para educar en valores
250 _a1ª ed.
260 _aRosario
_bHomo Sapiens Ediciones
_c2003
300 0 _a87 p.
_bil., gráfs.
504 _aContiene obras consultadas y recomendaciones p. 85-87
650 4 _aVIDA COTIDIANA
650 4 _aIDENTIFICACION
653 0 _aEDUCACION EN VALORES
653 0 _aHEROES
653 0 _aPROYECTOS CURRICULARES
653 0 _aESTRATEGIAS DIDACTICAS
700 1 _aMolina, Jorge
_eilustrador
942 _cBK
998 _craquel
999 _c19436
_d19436